000 01070nam a2200313 i 4500
001 198660
003 ES-MaBCM
005 20250326081220.0
008 150611t2015 sp||||| |||| 00| 0 spa d
017 _aM.190-2015
020 _a978-84-206-9757-4
021 _axx
035 _a(OCoLC)910562921
040 _cES-MaBCM
245 0 3 _aLa financiación autonómica
_b: claves para comprender un (interminable) debate
_cSandra León (coord.) ; Eliseo Aja ... [et al.]
260 _aMadrid :
_bAlianza Editorial,
_c2015
300 _a260 p.
_bgráf.
_c23 cm
490 0 _aEspaña : política y sociedad
500 _aÍndices de tablas, cuadros y figuras
500 _aAcrónimos
504 _aBibliografía: p. [255]-260
650 7 _aFinanciación autonómica
_958713
651 4 _aEspaña
_9115342
650 2 7 _aHacienda regional
_958858
700 1 _aLeón Alfonso, Sandra
_982244
700 1 _9551
_aAja, Eliseo
856 _uhttps://mpr-intra.koha.es/intranet-tmpl/prog/local_repository/documents/198660.pdf
_yAcceso al índice
942 _cBK
_2udc
999 _c198660
_d198660